000 01256njm a22002777a 4500
005 20100901115333.0
006 a|||||r|||||00| 0
007 sd ammalaaahaa
008 100901t xxu||||| |||| 00| 0 eng d
028 _aN 53990
_bHis Master Voice
035 _aGR-01002
040 _aSED
_cSED
100 _aMangeshkar, Lata
_917891
245 _aBezuban /
_cby Lata Mangeshkar [and] Mohd Rafi ; lyrices by Prem Dhawan ; Musices by Chitragupta
_h[Sound recording]
246 _aबेजुबान / लता मंगेशकर
260 _aDUM DUM, India
_bHis Master Voice
300 _a1 Sound disc [Gramophone Recording] :
_banalog, 33 1/3 rpm
_c9.5 in. (MP)
_fGramophone Record
500 _aBrief record
505 _aSide-1 सब के सहारे राधा के प्यारे ( Sab Ke share Radha Ke Pyare) Side-2 मत भूल के तू एक माँ है (Mat bhul ke tu ak maa hae) (Lata Mangeshkar)
650 _aClassical music
_xExcerpts
_zIndia
_917892
700 _aRafi, Mohd
_918552
700 _aChitragupta
_918578
700 _aDhawan, Prem
_918579
942 _2ddc
_cGR
999 _c44134
_d44134